| 000 | 00703nam a22002177a 4500 | ||
|---|---|---|---|
| 999 |
_c6705 _d6705 |
||
| 003 | AR-CdUCM | ||
| 008 | 190319b ||||| |||| 00| 0 spa d | ||
| 040 |
_aMUNICIPALIDAD PROVINCIAL DEL CUSCO _cBIBLIOTECA MUNICIPAL DEL CUSCO |
||
| 082 |
_a913.8521 / _bEI34 |
||
| 100 |
_aEielson, Jorge Eduardo, _918866 |
||
| 245 | _aPuruchuco / | ||
| 260 |
_aLima : _bOrganización de Promocines Culturales, _c1982. |
||
| 300 |
_bilustraciones, _c29 cm. |
||
| 500 | _aNo cuenta con numeración impresa. Texto en ingles | ||
| 650 |
_aPerú _935 |
||
| 650 |
_aSitios Arqueológicos _97688 |
||
| 650 |
_aPuruchuco _918867 |
||
| 700 |
_a Casals, José (Fotografías) _918868 |
||
| 942 |
_2ddc _cLIBROS |
||
| 945 | _araen | ||